|
|
|
|
| LEADER |
01628nam a2200421Ia 4500 |
| 001 |
EBC3441667 |
| 003 |
MiAaPQ |
| 005 |
20200520144314.0 |
| 006 |
m o d | |
| 007 |
cr cn||||||||| |
| 008 |
080925s2009 pauab sb 001 0 eng d |
| 010 |
|
|
|z 2008040925
|
| 020 |
|
|
|z 0812241444 (alk. paper)
|
| 020 |
|
|
|z 9780812203943
|
| 020 |
|
|
|z 9780812221596
|
| 020 |
|
|
|z 9780812241440 (alk. paper)
|
| 035 |
|
|
|a (MiAaPQ)EBC3441667
|
| 035 |
|
|
|a (Au-PeEL)EBL3441667
|
| 035 |
|
|
|a (CaPaEBR)ebr10576108
|
| 035 |
|
|
|a (CaONFJC)MIL421034
|
| 035 |
|
|
|a (OCoLC)802047770
|
| 040 |
|
|
|a MiAaPQ
|c MiAaPQ
|d MiAaPQ
|
| 050 |
|
4 |
|a HC104
|b .H37 2009
|
| 082 |
0 |
4 |
|a 381.082/0973
|2 22
|
| 100 |
1 |
|
|a Hartigan-O'Connor, Ellen.
|
| 245 |
1 |
4 |
|a The ties that buy
|h [electronic resource] :
|b women and commerce in revolutionary America /
|c Ellen Hartigan-O'Connor.
|
| 260 |
|
|
|a Philadelphia :
|b University of Pennsylvania Press,
|c c2009.
|
| 300 |
|
|
|a 253 p. :
|b ill., maps.
|
| 490 |
1 |
|
|a Early American studies
|
| 504 |
|
|
|a Includes bibliographical references (p. [197]-242) and index.
|
| 533 |
|
|
|a Electronic reproduction. Ann Arbor, MI : ProQuest, 2015. Available via World Wide Web. Access may be limited to ProQuest affiliated libraries.
|
| 650 |
|
0 |
|a Households
|x Economic aspects
|z United States
|x History
|y 18th century.
|
| 650 |
|
0 |
|a Women
|x Economic conditions.
|
| 651 |
|
0 |
|a United States
|x Commerce
|x History
|y 18th century.
|
| 655 |
|
4 |
|a Electronic books.
|
| 710 |
2 |
|
|a ProQuest (Firm)
|
| 830 |
|
0 |
|a Early American studies.
|
| 856 |
4 |
0 |
|u https://ebookcentral.proquest.com/lib/matrademy/detail.action?docID=3441667
|z Click to View
|